Libro de lectura para el primer ciclo : (Record no. 35166)
[ view plain ]
| 000 -CABECERA | |
|---|---|
| campo de control de longitud fija | 00837nam a2200229 a 4500 |
| 005 - FECHA Y HORA DE LA ÚLTIMA TRANSACCIÓN | |
| campo de control | 20240924070913.0 |
| 008 - ELEMENTOS DE LONGITUD FIJA--INFORMACIÓN GENERAL | |
| campo de control de longitud fija | 991125s1953 [s. 000 0 spa u |
| 035 ## - NÚMERO DE CONTROL DEL SISTEMA | |
| Número de control de sistema | UPN01000035166 |
| 049 ## - COLECCIÓN | |
| Colección | LT |
| 050 #4 - SIGNATURA TOPOGRÁFICA DE LA BIBLIOTECA DEL CONGRESO | |
| Número de clasificación | LB1573 L52 |
| 245 00 - MENCIÓN DE TÍTULO | |
| Título | Libro de lectura para el primer ciclo : |
| Resto del título | formado con ideas y pensamientos de los alumnos de las escuelas rurales de la 172 zona escolar en Michoacán / |
| Mención de responsabilidad, etc. | selec. Herminia Zavala O., Jacoba Hernández V. ; ed. Fidel Torres F., Francisco Fría |
| 260 ## - PUBLICACIÓN, DISTRIBUCIÓN, ETC. | |
| Lugar de publicación, distribución, etc. | [S. l.] : |
| Nombre del editor, distribuidor, etc. | [s. n.], |
| Fecha de publicación, distribución, etc. | 1953 |
| 300 ## - DESCRIPCIÓN FÍSICA | |
| Extensión | 64 p. |
| 500 ## - NOTA GENERAL | |
| Nota general | Disponible en la Colección Medina |
| 650 #4 - ASIENTO SECUNDARIO DE MATERIA - TERMINO TEMATICO | |
| Término de materia o nombre geográfico como elemento de entrada | Lectura |
| 9 (RLIN) | 13351 |
| 700 2# - ASIENTO SECUNDARIO--NOMBRE DE PERSONAL | |
| Nombre de persona | Zavala O., Herminia, |
| Término indicativo de función/relación | comp. |
| 700 2# - ASIENTO SECUNDARIO--NOMBRE DE PERSONAL | |
| Nombre de persona | Hernández V., Jacoba, |
| Término indicativo de función/relación | comp. |
| 700 2# - ASIENTO SECUNDARIO--NOMBRE DE PERSONAL | |
| Nombre de persona | Torres F., Fidel, |
| Término indicativo de función/relación | ed. |
| 700 2# - ASIENTO SECUNDARIO--NOMBRE DE PERSONAL | |
| Nombre de persona | Frías R., Francisco, |
| Término indicativo de función/relación | ed. |
| 904 ## - ELEMENTOS DE DATOS D LOCAL, LDD (RLIN) | |
| a | AC |
| b | 035167 |
| 905 ## - TIPO DE MATERIAL | |
| Tipo de material | Libro |
| Estado de retiro | Estado de pérdida | Fuente del sistema de clasificación o colocación | Estado dañado | No para préstamo | Código de colección | Localización permanente | Ubicación/localización actual | Ubicación en estantería | Enumeración/cronología de publicación seriada | Total de préstamos | Clasificación | Código de barras | Fecha visto por última vez | Número de copia | Tipo de ítem Koha | Fecha de adquisición |
|---|---|---|---|---|---|---|---|---|---|---|---|---|---|---|---|---|
| Library of Congress Classification | Coleccion LT | Libros de texto | Bib. Gregorio Torres Quintero | Bib. Gregorio Torres Quintero | Libros de Texto | - | LB1573 L52 | 19843 | 31/12/2020 | 1 | Libro | |||||
| Library of Congress Classification | Disponible (Préstamo en sala) | Colección Medina | Bib. Gregorio Torres Quintero | Bib. Gregorio Torres Quintero | Colecciones especiales Planta alta | - | LB1573 L52 | 101687 | 31/12/2020 | 1 | Libro | 30/01/2023 | ||||
| Library of Congress Classification | Coleccion LT | Libros de texto | Bib. Gregorio Torres Quintero | Bib. Gregorio Torres Quintero | Libros de Texto | - | LB1573 L52 | 91752 | 31/12/2020 | 1 | Libro |
